Cần nhanh chóng bổ sung, sửa đổi luật đất đai cho phù hợp với yêu cầu mới /
Đã lưu trong:
| 主要作者: | |
|---|---|
| 格式: | Bài viết |
| 語言: | Vietnamese |
| 主題: | |
| 標簽: |
添加標簽
沒有標簽, 成為第一個標記此記錄!
|
| Thư viện lưu trữ: | Thư viện Trường Đại học Đà Lạt |
|---|
| LEADER | 00768nam a2200265 4500 | ||
|---|---|---|---|
| 001 | DLU090076584 | ||
| 005 | ##20090619 | ||
| 040 | # | # | |a DLU |b vie |
| 041 | # | # | |a vie |
| 044 | # | # | |a vn |
| 100 | # | # | |a Vũ Thu Hạnh. |
| 245 | # | # | |a Cần nhanh chóng bổ sung, sửa đổi luật đất đai cho phù hợp với yêu cầu mới / |c Vũ Thu Hạnh. |
| 653 | # | # | |a Bổ sung |
| 653 | # | # | |a Luật đất đai |
| 653 | # | # | |a Sửa đổi |
| 773 | # | # | |t Luật học |g Số 2, 1997, tr. 47-49 |
| 920 | # | # | |a Phòng Tạp chí -- Trung tâm Thông tin - Thư viện Trường Đại học Đà Lạt |
| 994 | # | # | |a DLU |
| 900 | # | # | |a True |
| 911 | # | # | |a Nguyễn Thị Mai Anh |
| 925 | # | # | |a G |
| 926 | # | # | |a A |
| 927 | # | # | |a BB |
| 980 | # | # | |a Thư viện Trường Đại học Đà Lạt |